Secure programming cookbook for C anh C++

Because this book is a cookbook, the text is not presented in tutorial; it is a comprehensive reference, filled with code that meets common security need.

محفوظ في:
التفاصيل البيبلوغرافية
المؤلف الرئيسي: Viega, John
مؤلفون آخرون: Messier, Matt
التنسيق: كتاب
اللغة:Vietnamese
منشور في: Beijing O"reilly 2003
الموضوعات:
الوسوم: إضافة وسم
لا توجد وسوم, كن أول من يضع وسما على هذه التسجيلة!
Thư viện lưu trữ: Thư viện Trường Đại học Nam Cần Thơ
LEADER 00888nam a22002057a 4500
001 NCT_4_001407
008 230920b xxu||||| |||| 00| 0 vie d
999 |c 7930  |d 7930 
020 |a 0596003943  |c 1709100 
082 0 4 |2 23rd ed.  |a 005.133  |b V656 
100 1 |a Viega, John 
245 1 0 |a Secure programming cookbook for C anh C++  |c John Viega, Matt Messier 
260 |a Beijing  |b O"reilly  |c 2003 
300 |a 762p.  |c 24 cm 
520 3 |a Because this book is a cookbook, the text is not presented in tutorial; it is a comprehensive reference, filled with code that meets common security need. 
653 |a Công nghệ Thông tin 
700 1 |a Messier, Matt 
942 |2 ddc  |c BK 
952 |0 0  |1 0  |2 ddc  |4 0  |6 005_133000000000000_V656  |7 0  |9 28202  |a 000001  |b 000001  |d 2023-09-20  |o 005.133 V656  |p MD.21924  |r 2023-09-20  |v 999999.99  |w 2023-09-20  |y BK 
980 |a Thư viện Trường Đại học Nam Cần Thơ